[Event "SVK-ch op"]
[Site "Banska Stiavnica"]
[Date "2013.07.07"]
[Round "2"]
[White "Pasztor, Ladislav"]
[Black "Puskar, Jan"]
[Result "0-1"]
[WhiteElo "1886"]
[BlackElo "2014"]
[PlyCount "96"]
[EventDate "2013.07.06"]
[EventType "swiss"]
[EventRounds "9"]
[EventCountry "SVK"]
[SourceTitle "CBM 155 Extra"]
[Source "ChessBase"]
[SourceDate "2013.08.26"]
[SourceVersion "1"]
[SourceVersionDate "2013.08.26"]
[SourceQuality "1"]

1. e4 e6 2. d4 d5 3. exd5 exd5 4. Bd3 Bd6 5. Qe2+ Ne7 6. Nf3 Bg4 7. h3 Bh5 8. g4 Bg6 9. Bxg6 hxg6 10. Bg5 Nbc6 11. c3 f6 12. Bh4 Qd7 13. Nbd2 0-0-0 14. 0-0-0 Rh7 15. Bg3 Rdh8 16. h4 Bxg3 17. fxg3 Qxg4 18. Rhg1 Rd8 19. Qd3 Qf5 20. Qb5 Rhh8 21. Rdf1 Qd7 22. b4 Rhe8 23. Nb3 a6 24. Qd3 Na7 25. Nc5 Qb5 26. a4 Qxd3 27. Nxd3 Nac6 28. g4 b6 29. Kd2 Kd7 30. Re1 Nc8 31. Nf4 Rxe1 32. Rxe1 N6e7 33. Kd3 Rf8 34. c4 dxc4+ 35. Kxc4 Rf7 36. d5 Nd6+ 37. Kd4 Nb7 38. Kc4 a5 39. Nd3 axb4 40. Nxb4 Nc5 41. Nd3 Nxd3 42. Kxd3 Nxd5 43. Kc4 Ne7 44. Kb5 Nd5 45. Nd4 Re7 46. Rxe7+ Nxe7 47. a5 bxa5 48. Kxa5 Nc6+ 0-1

[Event "SVK-ch op-B"]
[Site "Banska Stiavnica"]
[Date "2010.07.13"]
[Round "4"]
[White "Pasztor, Ladislav"]
[Black "Toma, Rudolf"]
[Result "0-1"]
[WhiteElo "1819"]
[BlackElo "2094"]
[PlyCount "122"]
[EventDate "2010.07.10"]
[EventType "swiss"]
[EventRounds "9"]
[EventCountry "SVK"]
[SourceTitle "CBM 137 Extra"]
[Source "ChessBase"]
[SourceDate "2010.09.01"]
[SourceVersion "1"]
[SourceVersionDate "2010.09.01"]
[SourceQuality "1"]

1. e4 c5 2. Nf3 Nc6 3. c3 d6 4. g3 Nf6 5. d3 g6 6. Bg2 Bg7 7. 0-0 Bg4 8. Nbd2 Qd7 9. Qc2 Rc8 10. a4 0-0 11. Nc4 e5 12. Bg5 h6 13. Bxf6 Bxf6 14. Ne3 Be6 15. c4 Bg7 16. Nd5 Kh7 17. a5 f5 18. exf5 Bxf5 19. Ne3 Nb4 20. Qb3 Bxd3 21. Rfe1 e4 22. Nd2 Rce8 23. Rac1 Qf7 24. Nd1 Bd4 25. Rxe4 Bxf2+ 26. Kh1 Bxe4 27. Nxe4 Bd4 28. Ndc3 Nd3 29. Rf1 Qd7 30. h3 Rxf1+ 31. Bxf1 Nf2+ 32. Nxf2 Bxf2 33. Nd5 Qf7 34. Kg2 Bd4 35. Qc2 Rf8 36. Nf4 Be5 37. Bd3 Bxf4 38. gxf4 Kg7 39. f5 gxf5 40. b3 Qf6 41. Qf2 Qg5+ 42. Kh2 f4 43. Be4 Qg3+ 44. Qxg3+ fxg3+ 45. Kxg3 b6 46. axb6 axb6 47. Bc6 Rf1 48. Kg2 Rb1 49. Ba4 Kf6 50. Kf3 Ke5 51. Kg4 Rf1 52. Kh5 Rf6 53. Be8 Rf3 54. h4 Rxb3 55. Kxh6 Rh3 56. Kg5 d5 57. cxd5 Kxd5 58. h5 c4 59. h6 c3 60. Bh5 c2 61. h7 c1Q+ 0-1